| 000 | 00458nmm a2200169Ia 4500 | ||
|---|---|---|---|
| 008 | 251105s9999||||xx |||||||||||||||||und|| | ||
| 020 | _a9788446049647 | ||
| 041 | _aspa | ||
| 100 | _aDuncan, Isadora | ||
| 245 | 0 | _aEl arte de la danza y otros escritos | |
| 264 |
_a[Madrid, España] : _bAkal, _c2020 |
||
| 300 | _a192 páginas | ||
| 490 | _aFuentes de arte | ||
| 650 | _aDance | ||
| 856 | _uhttps://public.digitaliapublishing.com/a/70757 | ||
| 942 | _cCF | ||
| 999 |
_c83218 _d83218 |
||